MARC

LEADER 00000nam0a2200000 4500
001 193489
005 20231031181948.0
010 |a 5020000671 
035 |a (RuTPU)RU\TPU\book\211023 
090 |a 193489 
100 |a 20110323d1988 k y0rusy50 ca 
101 0 |a rus 
102 |a RU 
105 |a a z 000zy 
200 1 |a Ракетная техника и космонавтика  |e избранные труды  |f М. В. Келдыш  |g Академия наук СССР (АН СССР); под ред. В. С. Авдуевского; под ред. Т. М. Энеева 
210 |a Москва  |c Наука  |d 1988 
215 |a 494 с.  |c ил. 
610 1 |a ракетная техника 
610 1 |a космонавтика 
610 1 |a исследования 
610 1 |a ракеты 
610 1 |a создание 
610 1 |a Луна 
610 1 |a Марс 
610 1 |a Венера 
610 1 |a развитие 
610 1 |a избранные труды 
675 |a 629.78  |v 3 
700 1 |a Келдыш  |b М. В.  |g Мстислав Всеволодович 
702 1 |a Авдуевский  |b В. С.  |4 340 
702 1 |a Энеев  |b Т. М.  |4 340 
712 0 2 |a Академия наук СССР (АН СССР)  |2 stltpush  |3 (RuTPU)RU\TPU\col\722 
801 1 |a RU  |b 63413507  |c 20110323 
801 2 |a RU  |b 63413507  |c 20110519  |g RCR 
942 |c BK